| 000 | 00378nam a22001457a 4500 | ||
|---|---|---|---|
| 999 |
_c9480 _d9480 |
||
| 003 | OSt | ||
| 005 | 20210625160428.0 | ||
| 008 | 210625b ||||| |||| 00| 0 eng d | ||
| 020 | _a9781539658542 | ||
| 082 |
_a808 _bMOU |
||
| 100 | _a Kasparowitz, Lawrence, 1945- | ||
| 245 | _aSpatial composition | ||
| 260 |
_a2018 _bUniversity of oregon,department of architecture |
||
| 942 | _2ddc | ||